Alt-Deutschland unter der Lupe - I. Baden (Record no. 1821)

000 -LEADER
fixed length control field 00320nam a22000977a 4500
008 - FIXED-LENGTH DATA ELEMENTS--GENERAL INFORMATION
fixed length control field 160314b xxu||||| |||| 00| 0 eng d
100 ## - MAIN ENTRY--AUTHOR'S NAME
Author's Name Muller-Mark, Ewald
245 ## - TITLE STATEMENT
Title Alt-Deutschland unter der Lupe - I. Baden
260 ## - PUBLICATION, DISTRIBUTION, ETC. (IMPRINT)
Place of publication, distribution, etc. Berlin, Germany
Name of publisher, distributor, etc. eE. Muller-Mark
650 ## - TOPICAL TERM (Tag)
Topical term or geographic name German States | Germany | Germany -- Baden (1851-1872)
Holdings
Withdrawn status Lost status Source of classification or shelving scheme Damaged status Koha normalized classification for sorting Not for loan Permanent Location Current Location Date acquired Total Checkouts Full call number Barcode Date last seen Copy number Price effective from
        G6080 A1 M958   Northern Philatelic Library Northern Philatelic Library 03/14/2016   G6080 .A1 M958 1002079 03/14/2016 1 03/14/2016

Powered by Koha